=LDR 00000nam 2200000 4500 =001 INLIS000000000809819 =008 ###################################ind## =035 ##$$a 0010-0825000312 =245 ##$$a Spiritual Teaching / $c Abdullah munir =260 ##$$b Insan =020 ##$$a 978502867433033 =084 ##$$a 371.1 NIR s =520 ##$$a Metode mengajar dan belajar =082 ##$$a 371.1